| 000 | 01057nam a2200253 a 4500 | ||
|---|---|---|---|
| 001 | BRCA_1434 | ||
| 005 | 20190320203427.0 | ||
| 008 | 050321s2004 mx-a---##b---#000-0#spa-d | ||
| 020 | _a9685538026 | ||
| 041 | _aspa | ||
| 044 | _amx | ||
| 050 | 4 |
_aN8070 _b.C83 2004 |
|
| 245 | 1 | 0 |
_aZodíaco mariano _b250 años de la declaración pontificia de María de Guadalupe como patrona de México _cpreámbulo de Jaime Cuadriello. |
| 260 |
_aMéxico _bMuseo de la Basílica de Guadalupe _c2004 |
||
| 300 |
_a215 p. _bil. _c32 cm. |
||
| 500 | _aCatálogo de la exposición realizada en el Museo de la Basílica de Guadalupe (Ciudad de México), septiembre 2004 - febrero 2005 | ||
| 500 | _aIncluye piezas de la colección Franz Mayer: p. 118 | ||
| 504 | _aBibliografía : p. 181-190 | ||
| 600 | 1 | 4 |
_aMaría _cVirgen bendecida, Santo _vExposiciones _xApariciones y milagros _94692 |
| 650 | 1 | 4 |
_aArte y simbolismo cristianos _vExposiciones _zMéxico _94693 |
| 650 | 1 | 4 |
_aGuadalupe, nuestra señora de _vArte _94694 |
| 700 | 1 |
_aCuadriello, Jaime _94695 |
|
| 942 |
_2lcc _cB |
||
| 999 |
_c1296 _d1296 |
||